000 00735nam a2200229 i 4500
001 140654
003 ES-MaACL
005 20250801063041.0
007 t|
008 070214s1973 sp |||| | spa d
020 _a84-344-0738-8
080 _a329.211"18"
100 1 _aSeco Serrano, Carlos,
_d1923-2020
_9105054
245 1 0 _aTríptico carlista
_b: estudios sobre historia del carlismo /
_cCarlos Seco Serrano.
260 _aBarcelona :
_bAriel,
_c[1973]
300 _a157 p. ;
_c18 cm.
610 2 4 _aPartido Carlista.
_96133
651 7 _aEspaña-
_xHistoria-
_yS.XIX
_2
_9142005
852 _aES-MaACL
_jC-56192
852 _aES-MaACL
_jL-30961
_z. - Biblioteca Jacinto Martínez Lacalle
999 _c140654
_d140654